00864nab a2200217uuc4500001000800000005001700008008004100025035001200066040001300078041000800091100004600099245012400145650002700269650002600296650002200322700004100344700004800385700004100433700004500474773012700519141064620240601090710.0150527e20090605 spa  a1410646 ccomduadb aspa10aBetancur Pulgarin, Carmen Luisa4auteaut10aEsquemas mentales que afectan autoconcepto y autoimagen de mujeres diagnosticadas con cáncer de seno, en Pereira 2008 7aAutopercepción2lemb aNeoplasias de la mama aEsquemas mentales10aCeballos Bautista, Tatiana4auteaut10aLasso García, Vanessa Margarita4auteaut10aLopera Castrillón, Diana4auteaut10aRojas Mirquez, Johana Carolina4auteaut0 tCultura del Cuidado : Enfermería (Pereira)gVolumen 06, Número 01, Junio de 2009, p. 33-38w1142066x1794-52320503566